| 000 | 01104nam a2200301 a 4500 | ||
|---|---|---|---|
| 001 | 000006254 | ||
| 005 | 20200929153916.0 | ||
| 008 | 090827s2004 dr 001 0 spa d | ||
| 020 | _a9993461938 | ||
| 040 | _aDO-SdBNP | ||
| 082 |
_a371.334 _bB446e |
||
| 100 | 1 |
_aBello Diáz, Rafael Emilio. _917463 |
|
| 245 | 1 | 3 |
_aLa educación en la sociedad del conocimiento / _cRafael Emilio Bello Diáz. |
| 260 |
_aSanto Domingo : _bUniversidad Católica Santo Domingo, _c2004. |
||
| 300 |
_a210 p. ; _c24 cm. |
||
| 500 | _aIncluye índice | ||
| 504 | _aIncluye referencias bibliográficas (173-210) | ||
| 650 | 4 |
_aTecnología educativa _xCongresos, conferencias, etc. _917464 |
|
| 650 | 4 |
_aInternet en la educación _917465 |
|
| 650 | 4 |
_aSociedad de la información _92885 |
|
| 650 | 4 | _RTECNOLOGÍA DE LA INFOMACIÓN | |
| 650 | 4 |
_aPolítica de educación _xCongresos, conferencias, etc. _917466 |
|
| 650 | 4 |
_aEnseñanza con ayuda de computadores _917467 |
|
| 650 | 4 |
_aSistemas multimedia _95577 |
|
| 650 | 4 |
_aRedes neural(computadora) _917468 |
|
| 650 | 4 |
_aSistemas de hipertexto _917469 |
|
| 049 | _aBNPD | ||
| 999 |
_c6049 _d6049 |
||